000 00907nam a22002417a 4500
999 _c7764
_d7764
003 AR-CdUCM
008 190321b ||||| |||| 00| 0 spa d
040 _aMUNICIPALIDAD PROVINCIAL DEL CUSCO
_cBIBLIOTECA MUNICIPAL DEL CUSCO
041 _heng
082 _a574 /
_bM64
100 _aMiller, E. Morton
_921931
245 _aBiología de los termes /
260 _aMéxico :
_bContinental,
_c1974.
300 _a36 paginas ;
_bIlustraciones,
_c23 cm.
500 _aTitulo original : Biology of termites
505 _aContenido : Biología de los termes -- Una colonia representativa -- Clases de termes -- Variaciones en el comportamiento -- Localización y tipos de los nidos...
650 _aBiología
_9881
650 _aVariaciones estructurales
_921932
650 _aRelaciones ecologicas
_921933
700 _aGarcia gutierres, Aurea (Traductor)
_921934
942 _2ddc
_cLIBROS
945 _awnts